Famous Littles Quiz Stats

Quiz Updated Feb 1, 2013

Also try: The Big Quiz
Challenge
Share
Tweet
Embed
Score 0/20 Timer 06:00
0 Plays Today
Hint Famous Littles % Correct
Disney's Ariel(The) Little Mermaid
95.6%
The Big Bad Wolf ate her grandmaLittle Red Riding Hood
94.5%
Baseball organization for kidsLittle League
87.6%
Nursery rhyme character who lost her sheepLittle Bo Peep
86.1%
She likes tuffets and curds and whey,
but not spiders
Little Miss Muffet
84%
Snack cakes manufacturer; also the name of their little girl iconLittle Debbie
74.8%
Site of Custer's Last StandLittle Bighorn
74.3%
Codename for the atomic bomb dropped on HiroshimaLittle Boy
73.2%
Singer of Good Golly, Miss Molly & Tutti FruttiLittle Richard
70.2%
2006 film about going to a beauty pageant; starring Abigail Breslin & Steve CarellLittle Miss Sunshine
69%
Hint Famous Littles % Correct
Comic strip girl adopted by Daddy WarbucksLittle Orphan Annie
64.6%
Civil rights activist assassinated in 1965; was better known by his first name paired with a letterMalcolm Little (Malcolm X)
57.3%
Nursery rhyme boy who 'stuck in his thumb and pulled out a plum'Little Jack Horner
55.6%
Children's TV show and book series about an anthropomorphized grizzly cubLittle Bear
55.6%
Mother Goose fellow who 'was under the haystack fast asleep'Little Boy Blue
54.4%
Manufacturer of toddler toys, mostly outdoor & riding toysLittle Tikes
53.2%
In the song, he's 'hopping through the forest, scooping up the field mice and boppin' 'em on the head'Little Bunny Foo Foo
47.5%
TLC's show about the Roloff family, many of the episodes focusing on the members of the family with dwarfismLittle People, Big World
42.6%
Nick Jr. TV show based on Bill Cosby's book series about a 5 year old boyLittle Bill
36.6%
Children's book series about a tiny family who live in the walls of a house owned
by the Bigg family
The Littles
32.6%

You're not logged in!

Compare scores with friends on all Sporcle quizzes.
Sign Up with Email
OR
Log In

You Might Also Like...

Show Comments

Extras

Top Quizzes Today


Score Distribution

Your Account Isn't Verified!

In order to create a playlist on Sporcle, you need to verify the email address you used during registration. Go to your Sporcle Settings to finish the process.